Stranger Things - Quiz sur Will - Statistiques

Statistiques générales
  • Ce quiz a été pris 527 fois
  • Le résultat moyen est 16 sur 36
Statistiques - réponses
Hint Réponse % Correct
Proches Comment s'appelle sa mère ? Joyce Byers
91%
Proches Comment s'appelle son meilleur ami et son crush ? Mike Wheelrs
91%
Proches Comment s'appelle son meilleur ami ? Dustin Henderson
90%
Proches Comment s'appelle son frère ? Jonathan Byers
90%
Proches Comment s'appelle son meilleur ami ? Lucas Sinclair
90%
Proches Comment s'appelle son bon-père (saison 5) ? Jim Hopper
88%
Proches Comment s'appelle son bon-père (saison 2) ? Bob Newby
87%
Proches Comment s'appelle sa demi-sœur ? Eleven
84%
Faits de base Quel son vrai prénom ? William Byers
82%
Saison 5 A quel monstre est-il connecté ? Vecna
66%
Faits de base Quel est son surnom ? Will le Sage
58%
Saison 5 Avec quel personnage discute-t-il de son orientation sexuel ? Robin Buckley
57%
Aléatoire Quel est son talent artistique ? Le dessin
52%
La série Acteur dans la série Noah Schnapp
51%
Saison 2 Par quel monstre est-il possédé ? Flagelleur Mental
48%
Saison 1 Où se trouve-t-il lorsqu'il est porté disparu ? Le Monde à l'Envers
44%
Saison 4 Où déménage-t-il au début de la saison ? Lenora Hills, Californie
38%
Proches Comment s'appelle son père ? Lonnie Byers
36%
Faits de base Quel est son surnom d'après les gens d'Hawkins ? Garçon Zombie
34%
Saison 3 Quelle idée met-il à exécution pour faire sortir la part du monstre en Billy ? L'enfermer dans le sauna
33%
Saison 2 Où est-il examiné ? Laboratoire National d'Hawkins
29%
Saison 1 Combien de jours est-il porté disparu ? 7 jours
28%
Saison 5 Que découvre-t-il sur ses capacités ? Qu'il peut utiliser les pouvoirs de Vecna (le contrôler lui et les Démogorgons)
28%
Saison 1 Quand disparait-il ? 6 novembre 1983
27%
Saison 1 Où va-t-il se réfugier dans le monde parallèle ? Le Château Byers
26%
Saison 5 Que fait-il avant la bataille finale ? Son coming out
26%
Saison 2 Qui l'examine ? Dr Sam Owens
23%
Faits de base Quelle est sa date de naissance ? 22 mars 1971
20%
Saison 4 Sur quel personnage secondaire peut-il compter ? Argyle
19%
Aléatoire A quel jeu joue-t-il avec ses meilleurs amis ? Donjons & Dragons
19%
Saison 2 Par quoi commence son mal-être ? Des visions du Monde à l'Envers
7%
Saison 3 Pourquoi se sent-il mis à l’écart par ses amis ? Les autres s'intéressent aux filles et moins à Donjon & Dragons
7%
Saison 2 Quel animal étrange crache-t-il dans sa salle de bain ? Des limaces
4%
Saison 4 Que découvre-t-il sur ses capacités ? Il peut sentir la présence de Vecna
3%
Aléatoire Quel est son rôle dans ce gens ? Paladin
0%
Aléatoire Quelle est sa coupe de cheveux iconiques ? Sa coupe au bol
0%
Aucun quiz correspondant
Distribution des résultats
% des personnes avec chaque résultat
Percentile par nombre de réponses
Votre historique - résultats
Vous n’avez pas pris ce quiz